000
00189 a2200097 4500
020
_a
9781338032758
041
_a
eng
100
_a
K:C:Kelley
245
_a
Footbaball Superstars
942
_c
BK
999
_c
30426
_d
30424